25 ciudades más pobladas de Asturias - Estadísticas

Estadísticas generales
  • Esta prueba ha sido intentada 1.337 veces
  • La puntuación promedio es 12 de 25
Estadísticas de respuestas
Pob. Concejo % Correcto
272 k Gijón
100%
220 k Oviedo
100%
79.5 k Avilés
94%
12.9 k Cangas del Narcea
76%
6.33 k Cangas de Onís
76%
13.8 k Llanes
75%
39.0 k Mieres
74%
51.8 k Siero
66%
40.5 k Langreo
65%
14.5 k Villaviciosa
59%
8.42 k Navia
46%
11.3 k Lena
36%
13.2 k Laviana
35%
9.70 k Tineo
33%
9.98 k Grado
32%
8.38 k Pravia
32%
16.6 k San Martín del Rey Aurelio
32%
22.5 k Castrillón
31%
13.8 k Llanera
30%
10.4 k Gozón
27%
12.0 k Valdés
25%
10.5 k Carreño
24%
15.9 k Corvera de Asturias
22%
11.0 k Aller
21%
7.18 k Piloña
19%
No se encontraron pruebas coincidentes
Distribución de puntuación
Porcentaje de gente con cada puntuación
Porcentaje por número respondido
Historial de tus puntuaciones
No has intentado esta prueba.